| 000 | 00507cam a22002054a 4500 | ||
|---|---|---|---|
| 005 | 20250605164302.0 | ||
| 008 | 250528s ||||||||||||||||||||||||d | ||
| 035 | _a22101 | ||
| 020 | _a9781446273692 | ||
| 040 |
_aGR-AtMCL _bgre _dGR-AtMCL _eAACR2 |
||
| 245 | 1 | _aRESEARCH METHODS IN EARLY CHILDHOOD | |
| 250 | _a2 | ||
| 260 |
_bSage Publications, _c2015 |
||
| 300 | _a326 | ||
| 700 | 1 |
_aAlbon Deborah _96964 |
|
| 700 | 1 |
_aMukherji Penny _96965 |
|
| 942 | _cBK | ||
| 999 |
_c7157 _d7157 |
||